00358pab a2200121 454500008004000000100002200040245008000062260000900142300001300151362001000164650002800174773003400202180718b2014 xxu||||| |||| 00| 0 eng d aBanerjee, Sumanta aHanoi (1965-68), Gaza (2014): Continuity and divergence over half a century c2014 ap.16-21. a6 Sep aInternational relations aEconomic and Political Weekly